Kittens a portrait of the animal world
| Main Author: | |
|---|---|
| Format: | Book |
| Published: |
New York :
Todtri Productions Limited ,
1995
|
| Subjects: |
MARC
| LEADER | 00000cam a2200000 7i4500 | ||
|---|---|---|---|
| 001 | 0000007899 | ||
| 002 | 000008473 | ||
| 005 | 20000330.0 | ||
| 020 | |a 1880908301 | ||
| 090 | 0 | 0 | |a 636.807 |b SCH |
| 100 | 1 | |a Schneck, Marcus | |
| 245 | 1 | 0 | |a Kittens a portrait of the animal world |c Marcus Schneck |
| 260 | |a New York : |b Todtri Productions Limited , |c 1995 | ||
| 300 | |a 78p. ; |c 35cm. | ||
| 650 | 0 | 0 | |a Cats |
| 650 | 0 | 0 | |a Kittens |
| 999 | |a 052905 |b BUKU |c PINJAMAN |e PERPUSTAKAAN KOMUNITI PETALING JAYA | ||